Estatísticas para Clubes da Copa do Brasil 2022

Clique aqui para jogar o quiz

Estatísticas Gerais

  • Esse quiz foi jogado 51 vezes
  • A pontuação média é 53 de 92

Estatísticas das Respostas

ColocaçãoEstadosClubes% Correto
Vice-CampeãoSPCorinthians
98%
CampeãoRJFlamengo
98%
Oitavas de FinalSPPalmeiras
96%
Oitavas de FinalMGAtlético-MG
93%
3º FasePRCoritiba
93%
Oitavas de FinalMGCruzeiro
93%
Semi-FinalRJFluminense
93%
2º FasePIFluminense-PI
93%
Oitavas de FinalGOGoiás
93%
Oitavas de FinalSPSantos
93%
Semi-FinalSPSão Paulo
93%
Quartas de FinalMGAmérica-MG
91%
Quartas de FinalPRAthletico-PR
91%
Oitavas de FinalBABahia
91%
Oitavas de FinalRJBotafogo-RJ
91%
1º FaseSPBotafogo-SP
91%
Oitavas de FinalCECeará
91%
Quartas de FinalCEFortaleza
91%
Quartas de FinalGOAtlético-GO
89%
3º FaseBAVitória
89%
1º FaseRSInternacional
87%
2º FaseRJVasco da Gama
87%
3º FaseDFBrasiliense
83%
1º FaseRSGrêmio
83%
2º FaseSCCriciúma
78%
3º FaseMTCuiabá
78%
3º FaseRSJuventude
78%
3º FasePARemo
78%
1º FaseSCChapecoense
76%
2º FasePAPaysandu
76%
1º FaseSPPonte Preta
74%
2º FaseSCAvaí
72%
3º FaseALCSA
70%
1º FasePESport
70%
1º FaseALCRB
67%
2º FaseAMManaus
67%
1º FaseMTOperário-MT
67%
1º FasePROperário-PR
67%
1º FaseRJVolta Redonda
67%
2º FaseRNABC
65%
2º FaseSPGuarani
65%
1º FasePRParaná Clube
65%
3º FaseSPRB Bragantino
65%
2º FaseSCFigueirense
63%
3º FaseGOVila Nova
63%
1º FasePENáutico
59%
2º FaseMASampaio Corrêa
59%
1º FasePRLondrina
57%
1º FaseBABahia de Feira
54%
1º FaseRSBrasil de Pelotas
52%
1º FaseCEFerroviário
52%
2º FaseMAMoto Club
52%
3º FaseRJPortuguesa-RJ
52%
1º FaseSPFerroviária
50%
2º FaseRNGlobo FC
50%
1º FaseSPNovorizontino
50%
1º FaseACRio Branco-AC
50%
3º FaseMGTombense
50%
3º FaseDFCeilândia
48%
1º FaseSESergipe
48%
3º FasePIAA Altos
46%
2º FaseSPMirassol
46%
3º FaseTOTocantinópolis
41%
1º FasePBCampinense
39%
3º FaseBAJuazeirense
39%
2º FasePATuna Luso
39%
1º FaseRJNova Iguaçu
37%
1º FaseALASA
35%
2º FasePRCascavel FC
33%
1º FasePESalgueiro
30%
1º FaseAPTrem-AP
30%
1º FaseBAAtlético de
Alagoinhas
28%
2º FaseESNova Venécia
28%
2º FaseESReal Noroeste
28%
1º FaseAMSão Raimundo-AM
28%
1º FaseRRSão Raimundo-RR
28%
1º FasePBSousa
28%
1º FaseSPOeste
26%
2º FaseMGPouso Alegre
26%
1º FaseCEIcasa
24%
1º FaseMGURT
24%
1º FaseROPorto Velho
22%
1º FaseMSCosta Rica-MS
20%
1º FaseSELagarto
20%
3º FasePRAzuriz
17%
1º FaseGOGrêmio Anápolis
17%
2º FaseMATuntum
17%
2º FaseRSGlória de Vacaria
15%
1º FaseACHumaitá
15%
1º FaseMTUnião Rondonópolis
15%
1º FasePACastanhal-PA
13%
1º FaseRJMaricá FC
13%

Distribuição das Pontuações

Percentil de Números Respondidos

Porcentagem de Pessoas com Cada Pontuação

Sua Pontuação Histórica

Você não jogou esse quiz